000 01114 a2200241 4500
001 22730
005 20260407155517.0
008 260407a1980 arg spa d
003 AR-UNSa-BCEJYS
040 _aAR-UNSa-BCEJYS
_bspa
_cAR-UNSa-BCEJYS
080 _a336.226.3
_xImpuestos por el uso de los ingresos. Impuestos al consumo. IVA
245 1 0 _aEl nuevo impuesto al valor agregado
264 1 _aBuenos Aires :
_bEdiciones Contabilidad Moderna
_c1980
300 _a437 p.
_c22 cm.
505 _a1. La legislación que rige el gravamen - 2. Objeto del impuesto - 3. Sujetos y responsables - 4. Nacimiento del hecho imponible - 5. Base imponible - 6. El régimen de inscripción - 7. Régimen de facturación y registración - 8. Periodo fiscal.plazos de liquidación y pago - 9. Exenciones y tratamientos diferenciales - 10. Liquidación del gravamen - 11. Casos prácticos - Apendice.
942 _cBK
590 _aniveau_biblio:m niveau_hierar:0
100 1 _aRaimondi, Carlos A.
700 1 _aOtero, Raúl J.
700 1 _aLauria, Rúben A.
650 _aLey Nº 22.294
650 _a ley nº 22 294
999 _c1049
_d1049